Statistiken für TOP10 Beliebteste Leistungskursfächer bei Mädchen

Klicken Sie hier um das Quiz zu spielen!

Allgemein

  • Dieses Quiz wurde 114 mal gespielt
  • Das Durchschnittsergebnis liegt bei 5 aus 10

Antwortstatistiken

#AnteilLeistungskurs% Korrekt
1~ 44 %Englisch
98%
2~ 42 %Deutsch
95%
3~ 24 %Biologie
78%
4~ 23 %Mathematik
46%
10~ 3 %Chemie
33%
6~ 12 %Erdkunde/ Geographie
33%
7~ 10 %Geschichte
31%
9~ 5 %Kunst/ Kunsterziehung
29%
5~ 18 %Pädagogik
15%
8~ 8 %Sozialwissenschaften
15%

Verteilung der Resultate

Perzentil nach korrekt beantworteten Fragen

Anzahl Personen mit jedem Resultat

Ihre Resultats-Entwicklung

Sie haben dieses Quiz noch nicht gespielt